000
00272nam a2200145Ia 4500
100
_a
Kanetkar/Yashavant
650
_a
IOT
942
_c
BK
366
_f
20
245
_a
21 IOT experiments
260
_b
BPB
_c
2019
300
_a
266
546
_a
ENGLISH
999
_c
28737
_d
28737